| 000 | 00941nac a22002411u 4500 | ||
|---|---|---|---|
| 010 | _a2001036539 | ||
| 020 | _a8120322231 | ||
| 082 | 0 | 0 |
_a658.18 _bD1861 |
| 090 |
_c1152 _d1152 |
||
| 100 | _aDaniels, John D. | ||
| 245 | 1 | 0 |
_aGlobalization and business / _cJohn D. Daniels, Lee H. Radebaugh, Daniel P. Sullivan. |
| 260 |
_aNew Delhi : _bPrentice Hall of India, _cc2002. |
||
| 300 |
_axiii, 399 p. : _bill. (some col.), maps ; _c24 cm. |
||
| 504 | _aIncludes bibliographical references and indexes. | ||
| 650 | 0 | _aInternational business enterprises. | |
| 650 | 0 |
_aInternational business enterprises _xManagement. |
|
| 650 | 0 | _aGlobalization. | |
| 700 | 1 | _aRadebaugh, Lee H. | |
| 700 | 1 | _aSullivan, Daniel P. | |
| 700 | 1 | _aDaniels, John D. | |
| 942 |
_cBB _k658.18D1861 |
||
| 999 |
_c1152 _d1152 |
||